| 000 | 00545nam a2200181 u 4500 | ||
|---|---|---|---|
| 001 | 61395 | ||
| 005 | 20180714063018.0 | ||
| 008 | 140825s2010 spa r 000 0 spa d | ||
| 020 | _a978-84-943-0655-8 | ||
| 100 | 1 |
_aLomas, Carlos _eautor |
|
| 245 | 1 | 0 | _acómo enseñar a hacer cosas con las palabras:. |
| 250 | _a2a. edición corregida y actualizada | ||
| 264 | 1 |
_aEspaña _bPaidos |
|
| 300 |
_a411 paginas : _b22 cm. |
||
| 336 |
_atexto _2rdacontent |
||
| 337 |
_asin mediación _2rdamedia |
||
| 338 |
_avolumen _2rdacarrier |
||
| 999 |
_c61395 _d61395 |
||